01123cam a2200253 a 450000100100000000500170001000800410002702000150006802000150008302000150009804000290011305000210014208200220016310000340018524502170021926000560043630000240049249001150051665000590063165100420069065000510073265000530078370000330083600000653320200929153940.0910424s1990 ve a b 000 0 spa  a9802224065 a980222426X a9802224278 aDO-SdBNPbspacLCdBNPHU00aF2319b.P73 1990 a987/.00498bP912e1 aPrato-Perelli, Antoinette da.14aLas encomiendas de Nueva Andalucia en el siglo XVII :bvisita hecha por don Fernando de la Riva Aguero, oidor de la Audiencia de Santo Domingo, 1688 : traslado y estudio preliminar /cAntoinette da Prato-Perelli. aCaracas :bAcademia Nacional de la Historia,c1990. av. :bil. ;c23 cm.1 aBiblioteca de la Academia Nacional de la Historia :pFuentes para la Historia Colonial de Venezuela,v202v203 0aIndians of south americazVenezuelaxHistoryxSources. 0aVenezuelaxHistoryyTo 1810xSources. 0aEncomiendas (latin america)xHistoryxSources. 0aIndians of south americazVenezuelaxPopulation.1 aRiva Aguero, Fernando de la.